[Event "Mezokovesd Hegedus Memorial 4th"]
[Site "Mezokovesd"]
[Date "2023.12.28"]
[Round "4"]
[White "Eberth, Zoltan Bela"]
[Black "Barabas, Tibor"]
[Result "0-1"]
[WhiteElo "1987"]
[BlackElo "1867"]
[PlyCount "114"]
[EventDate "2023.12.27"]
[EventType "swiss"]
[EventRounds "6"]
[EventCountry "HUN"]
[SourceTitle "CB01_2024"]
[SourceDate "2024.01.03"]
[SourceVersion "1"]
[SourceVersionDate "2024.01.03"]
[SourceQuality "1"]

1. d4 Nf6 2. Nc3 d5 3. Bg5 Nbd7 4. Nf3 h6 5. Bh4 e6 6. e3 c5 7. Bb5 a6 8. Bxd7+ Bxd7 9. 0-0 cxd4 10. exd4 Be7 11. Re1 0-0 12. Qd3 b5 13. a3 Bc6 14. Ne5 Bb7 15. Re3 Ng4 16. Bxe7 Nxe5 17. Rxe5 Qxe7 18. Rae1 Qd6 19. h4 Rae8 20. R5e3 Rc8 21. g3 Rc7 22. Nb1 b4 23. Qb3 Rc4 24. c3 bxc3 25. bxc3 Rb8 26. Nd2 Rcc8 27. Qb4 Qc7 28. Qb3 Bc6 29. Qc2 Qa5 30. f4 Qxa3 31. Nb1 Qb2 32. Qd1 Qa1 33. f5 exf5 34. Qd3 Re8 35. Rxe8+ Rxe8 36. Rxe8+ Bxe8 37. Kf2 g6 38. Qe3 Bb5 39. Nd2 Qd1 40. Qxh6 Qe2+ 41. Kg1 a5 42. h5 Qxh5 43. Qxh5 gxh5 44. Nb1 Kg7 45. Kf2 Kg6 46. Ke3 Kg5 47. Na3 Ba6 48. Kf3 a4 49. Nc2 Bd3 50. Na3 Be4+ 51. Kf2 f4 52. c4 dxc4 53. Nxc4 fxg3+ 54. Kxg3 h4+ 55. Kh3 Bf5+ 56. Kg2 Bd3 57. Na3 Kf4 0-1